| 000 | 00456nam a2200145Ia 4500 | ||
|---|---|---|---|
| 008 | 151213s9999 xx 000 0 und d | ||
| 100 | _aRavindra Khattrec & Daymond N. Naik | ||
| 245 |
_aApplied Multivariate Statistics With S A S Software _cRavindra Khattrec & Daymond N. Naik |
||
| 260 |
_aII _bS A S Institute _c1995 |
||
| 300 | _a2966 p. | ||
| 650 | _aStatistics | ||
| 650 | _aStatistics | ||
| 700 | _aRavindra Khattrec & Daymond N. Naik | ||
| 999 |
_c2053 _d2053 |
||